La robotique princies et applications /

Table des matieres.

محفوظ في:
التفاصيل البيبلوغرافية
المؤلف الرئيسي: Coiffet Philippe
التنسيق: كتاب
اللغة:Vietnamese
منشور في: American : Hermes , 1990
الطبعة:Tái bản lần thứ 3
الموضوعات:
الوسوم: إضافة وسم
لا توجد وسوم, كن أول من يضع وسما على هذه التسجيلة!
Thư viện lưu trữ: Thư viện Trường CĐ Kỹ Thuật Cao Thắng
LEADER 00896nam a2200265 a 4500
001 TVCDKTCT7583
003 Thư viện trường Cao đẳng Kỹ thuật Cao Thắng
005 20070622000000
008 070622
980 \ \ |a Thư viện Trường CĐ Kỹ Thuật Cao Thắng 
024 |a RG_1 #1 eb0 i1 i5 
020 # # |a 2866012976 
041 0 # |a vie 
082 # # |a 629.8 /   |b L100R-c 
100 1 # |a Coiffet Philippe 
245 0 0 |a La robotique princies et applications /  |c Coiffet Philippe 
250 # # |a Tái bản lần thứ 3 
260 # # |a American :  |b Hermes ,  |c 1990 
300 # # |a 353tr. ;  |c 21cm 
520 # # |a Table des matieres. 
520 # # |a Partie 1 : Structure et composantas du Robot 
520 # # |a Partie 2 : Lacommade des robots 
520 # # |a Partie 3 : Le robot et son utilisation 
520 # # |a Partie 4 : Les autres composantes de la ropotique. 
650 # 4 |a La robotique